MARC details
| 000 -CABECERA |
| campo de control de longitud fija |
02805nab a2200325 a 4500 |
| 005 - FECHA Y HORA DE LA ÚLTIMA TRANSACCIÓN |
| campo de control |
20260407064051.0 |
| 008 - ELEMENTOS DE LONGITUD FIJA--INFORMACIÓN GENERAL |
| campo de control de longitud fija |
991125c2015 sp fr p o 000 0 spa d |
| 035 ## - NÚMERO DE CONTROL DEL SISTEMA |
| Número de control de sistema |
UPN01000212071 |
| 040 ## - FUENTE DE LA CATALOGACIÓN |
| Centro catalogador/agencia de origen |
UPN |
| Lengua de catalogación |
spa |
| Centro/agencia transcriptor |
UPN |
| Normas de descripción |
aacr2 |
| 049 ## - COLECCIÓN |
| Colección |
ART-E |
| 100 1# - ASIENTO PRINCIPAL--NOMBRE PERSONAL |
| Nombre de persona |
Torres Cuevas, María Elena |
| 100 1# - ASIENTO PRINCIPAL--NOMBRE PERSONAL |
| Filiación |
maletc @hot mail.com |
| 100 1# - ASIENTO PRINCIPAL--NOMBRE PERSONAL |
| Nombre de persona |
Hernández Mendoza, Sandra Luz |
| 100 1# - ASIENTO PRINCIPAL--NOMBRE PERSONAL |
| Filiación |
sandrahdezm @gmail.com |
| 245 10 - MENCIÓN DE TÍTULO |
| Título |
Análisis de la Plataforma Blackboard en la implementación del curso semi-presencial (B-Learning) en la UAEH |
| 506 0# - NOTA DE RESTRICCIONES AL ACCESO |
| Limitaciones de acceso |
Acceso abierto |
| 520 3# - NOTA DE RESUMEN, ETC. |
| Sumario, etc. |
La educación superior hoy en día enfrenta grandes retos, en los niveles estatales, nacionales y también en los internacionales; los desafíos actuales son tener en cuenta la demanda educativa, elevar la calidad de sus procesos académicos y responder a las necesidades de su contexto entre otras cosas y en forma más particular poner especial atención para que a la población docente y alumnado en general obtenga el aprendizaje y uso de las Tecnologías de la Información y Comunicación. Por otro lado, la implementación de tecnologías de la información y la comunicación (TIC), en las instituciones educativas han tenido un impulso importante y trascendental para el apoyo de esos grandes desafíos. La incorporación de las TIC en apoyo a la docencia y al aprendizaje para fines de cobertura, pertinencia y/o calidad, ha sido muy variado; por lo que la Universidad Autónoma del Estado de Hidalgo ha realizado cambios muy notables en cuanto al desarrollo de una estrategia que combine los aspectos de diseño instruccional, organizacionales y de tecnología; en éste último destaca el uso de la plataforma (BB) para que docentes y alumnos lleven a la práctica el uso de las TIC. El presente trabajo describe la experiencia de la Universidad Autónoma del Estado del Hidalgo en lo referente al uso de la plataforma Blackboard en el diseño y operación de cursos semi - presenciales; partiendo del supuesto que la institución asume que tanto los docentes como alumnos estén con capacitación actualizada para hacer uso de la dicha herramienta. |
| 650 #2 - ASIENTO SECUNDARIO DE MATERIA - TERMINO TEMATICO |
| Término de materia o nombre geográfico como elemento de entrada |
Plataformas infomáticas |
| 9 (RLIN) |
26499 |
| 650 #2 - ASIENTO SECUNDARIO DE MATERIA - TERMINO TEMATICO |
| Término de materia o nombre geográfico como elemento de entrada |
Diseño instruccional |
| 9 (RLIN) |
14752 |
| 650 #2 - ASIENTO SECUNDARIO DE MATERIA - TERMINO TEMATICO |
| Término de materia o nombre geográfico como elemento de entrada |
Aprendizaje semipresencial |
| 9 (RLIN) |
24615 |
| 650 #4 - ASIENTO SECUNDARIO DE MATERIA - TERMINO TEMATICO |
| Término de materia o nombre geográfico como elemento de entrada |
Tecnologías de la información y comunicación |
| 9 (RLIN) |
21219 |
| 653 0# - TERMINO DE INDIZACION - NO CONTROLADO |
| Término no controlado |
B-learning |
| 653 0# - TERMINO DE INDIZACION - NO CONTROLADO |
| Término no controlado |
Aprendizaje mixto |
| 773 ## - ENLACE AL DOCUMENTO FUENTE/ENTRADA DE REGISTRO ANFITRIÓN |
| Parte(s) relacionada(s) |
Vol. 15, no. 2 (2015), p. 196-206 |
| Título |
Etic@net. Revista científica electrónica de educación y comunicación en la sociedad del conocimiento |
| Número Internacional Normalizado para Publicaciones Seriadas |
1695-324X |
| 856 4# - LOCALIZACIÓN Y ACCESO ELECTRÓNICOS |
| Identificador Uniforme del Recurso |
<a href="https://revistaseug.ugr.es/index.php/eticanet/article/view/11950">https://revistaseug.ugr.es/index.php/eticanet/article/view/11950</a> |
| 856 4# - LOCALIZACIÓN Y ACCESO ELECTRÓNICOS |
| Identificador Uniforme del Recurso |
<a href="https://doi.org/10.30827/eticanet.v15i2.11950">https://doi.org/10.30827/eticanet.v15i2.11950</a> |
| 902 ## - ELEMENTOS DE DATOS B LOCAL, LDB (RLIN) |
| Creó |
Gloria Jiménez/200325 |
| 905 ## - TIPO DE MATERIAL |
| Tipo de material |
Articulo |
| 942 ## - ELEMENTOS DE PUNTO DE ACCESO ADICIONAL (KOHA) |
| Tipo de ítem Koha |
Artículo Electrónico |